| 000 | 00645nam a22002177a 4500 | ||
|---|---|---|---|
| 003 | LC | ||
| 005 | 20170227152107.0 | ||
| 008 | 121214t xxu||||| |||| 00| 0 eng d | ||
| 020 | _a9715692427 | ||
| 050 |
_aBT 738 _b.G672 1997 |
||
| 082 |
_aFIL 291.1 _bG683 1997 |
||
| 100 | _aGorospe, Vitaliano R. | ||
| 245 |
_aForming the Filipino social conscience : _cVitaliano R. Gorospe. _bsocial theology from a Filipino Christian perspective / |
||
| 260 |
_aMakati City : _bBookmark, _c1997 |
||
| 300 |
_a289 p. : _b ill. ; _c25 cm. |
||
| 526 | _c1210L-1700L | ||
| 562 | _e1 | ||
| 650 | _aDoctrinal Theology | ||
| 942 |
_2lcc _cBK |
||
| 999 |
_c1738 _d1738 |
||